| 000 | 01107caa a22002295a 4500 | ||
|---|---|---|---|
| 001 | E144571 | ||
| 008 | 080729s2008 stk f s000 0 eng d | ||
| 035 | _a(Sirsi) u144571 | ||
| 041 | 0 | _aeng | |
| 110 | 1 |
_aScotland _bScottish Government _95344 |
|
| 245 | 4 | 4 |
_aThe future of flood risk management in Scotland consultation _h[electronic resource] |
| 260 |
_aEdinburgh _bScottish Government _c2008 |
||
| 520 | _aSets out the responses to the consultation on "The future of flood risk management in Scotland", which proposed new legislation on flooding in order to promote a sustainable approach to flood risk management. For details of the original consultation, see E142438. | ||
| 590 | _aKA | ||
| 650 | 2 | 4 | _aDRAFT FLOODING (SCOTLAND) BILL 2008 |
| 650 | 2 | 4 | _aRESERVOIRS ACT 1975 |
| 650 | 2 | 4 | _aFLOOD PREVENTION (SCOTLAND) ACT 1961 |
| 651 | 4 |
_aScotland _y1999- |
|
| 690 | _aENVIRONMENTAL AND LAND CONSULTANCY-WATER RESOURCE MANAGEMENT-FLOODING | ||
| 856 | 4 | 0 |
_http://www.scotland.gov.uk/Topics/Environment/Water/Flooding/conreport _zView the report free of charge at www.scotland.gov.uk... |
| 942 | _n0 | ||
| 999 |
_c108547 _d108547 |
||